[Event "World ol U16"]
[Site "Nakhchivan"]
[Date "2022.10.05"]
[Round "4.11"]
[White "Rzayev, Murad"]
[Black "Galaviz Medina, Atlas Adomaitis"]
[Result "0-1"]
[WhiteElo "1242"]
[BlackElo "2069"]
[PlyCount "70"]
[EventDate "2022.10.02"]
[EventType "team-swiss"]
[EventRounds "9"]
[EventCountry "AZE"]
[SourceTitle "CBM 210 Extra"]
[Source "ChessBase"]
[SourceDate "2022.11.30"]
[SourceVersion "1"]
[SourceVersionDate "2022.11.30"]
[SourceQuality "1"]
[WhiteTeam "Azerbaijan Sumgayit"]
[BlackTeam "Mexico"]
[WhiteTeamCountry "AZE"]
[BlackTeamCountry "MEX"]

1. d4 Nf6 2. c4 g6 3. Nc3 Bg7 4. e4 d6 5. Nf3 0-0 6. Be2 e5 7. 0-0 Nc6 8. d5 Ne7 9. Ne1 Ne8 10. Be3 f5 11. f3 f4 12. Bf2 g5 13. Nd3 Rf6 14. Rc1 Rg6 15. c5 h5 16. cxd6 cxd6 17. a4 Bh6 18. Rc2 g4 19. Qe1 Rg7 20. Nb5 Ng6 21. Kh1 g3 22. hxg3 fxg3 23. Bxg3 h4 24. Bh2 Nf6 25. g4 hxg3 26. Bxg3 a6 27. Nc7 Rxc7 28. Rxc7 Qxc7 29. Rg1 Qh7 30. Bh2 Kf7 31. f4 Bxf4 32. Nxf4 Nxf4 33. Bf3 Bd7 34. Qd2 Rh8 35. Rc1 Nxe4 0-1